[Event "Oberliga NRW 0910"]
[Site "Germany"]
[Date "2009.11.22"]
[Round "3.4"]
[White "Hainke, Guntram"]
[Black "Deleyn, Gunter"]
[Result "1/2-1/2"]
[WhiteElo "2288"]
[BlackElo "2277"]
[PlyCount "105"]
[EventDate "2009.09.20"]
[EventType "team-tourn"]
[EventRounds "9"]
[EventCountry "GER"]
[SourceTitle "EXT 2011"]
[Source "ChessBase"]
[SourceDate "2010.11.26"]
[SourceVersion "1"]
[SourceVersionDate "2010.11.26"]
[SourceQuality "1"]
[WhiteTeam "Muenster"]
[BlackTeam "Castrop Rauxel"]
[WhiteTeamCountry "GER"]
[BlackTeamCountry "GER"]

1. d4 Nf6 2. c4 e6 3. Nc3 Bb4 4. Qc2 0-0 5. a3 Bxc3+ 6. Qxc3 b6 7. Bg5 Bb7 8. e3 d6 9. Nf3 Nbd7 10. Be2 Re8 11. Qc2 Qe7 12. 0-0 Nf8 13. c5 h6 14. Bh4 Ng6 15. Bg3 Nh5 16. Rac1 Nxg3 17. hxg3 f5 18. Qa4 Bd5 19. Bb5 Red8 20. b4 e5 21. Bc6 Bxc6 22. Qxc6 Kh7 23. cxd6 cxd6 24. Rc3 Rab8 25. Rfc1 Rb7 26. Qa4 e4 27. Nd2 h5 28. Qb5 d5 29. Nf1 Rd6 30. Rc8 Rbd7 31. R1c3 Rd8 32. Qe2 Kh6 33. Qa6 Rxc8 34. Qxc8 Rd7 35. Rc6 Kh7 36. Qa8 Nh8 37. Rc8 Nf7 38. Qc6 Qd6 39. Qc2 Qe7 40. Nd2 Nd8 41. Qc3 Nf7 42. Rc6 Nd8 43. Rc8 Nf7 44. a4 h4 45. Nf1 Nd6 46. Rc6 Nc4 47. gxh4 Qxh4 48. Nd2 Qg4 49. Qc1 Nd6 50. Nf1 Nc4 51. Nd2 Nd6 52. Nf1 Nc4 53. Nd2 1/2-1/2

[Event "NRW Class2 0809"]
[Site "Germany"]
[Date "2008.11.30"]
[Round "4.3"]
[White "Pieper Emden, Carsten"]
[Black "Deleyn, Gunter"]
[Result "1/2-1/2"]
[WhiteElo "2307"]
[BlackElo "2296"]
[PlyCount "44"]
[EventDate "2008.09.21"]
[EventType "team-tourn"]
[EventRounds "9"]
[EventCountry "GER"]
[SourceTitle "EXT 2010"]
[Source "ChessBase"]
[SourceDate "2010.11.25"]
[SourceVersion "1"]
[SourceVersionDate "2010.11.25"]
[SourceQuality "1"]
[WhiteTeam "Herford"]
[BlackTeam "Castrop Rauxel"]
[WhiteTeamCountry "GER"]
[BlackTeamCountry "GER"]

1. d4 Nf6 2. c4 e6 3. Nf3 Bb4+ 4. Nbd2 c5 5. a3 Bxd2+ 6. Bxd2 b6 7. Bf4 Ne4 8. Nd2 Qf6 9. Be3 Nxd2 10. Qxd2 d6 11. dxc5 dxc5 12. Bg5 Qd4 13. e3 Qxd2+ 14. Kxd2 f6 15. Bh4 Nc6 16. Be2 Bb7 17. Kc3 Ne5 18. f3 Ke7 19. Rad1 Rhd8 20. Bg3 Nf7 21. Rxd8 Rxd8 22. Rd1 Rxd1 1/2-1/2